Samajsamskarvidhom raghunansyavadanam/ (Record no. 39486)

000 -LEADER
fixed length control field 00369nam a22001451a 4500
082 ## - DEWEY DECIMAL CLASSIFICATION NUMBER
Classification number S 294.592 1
Item number DEV/S
100 ## - MAIN ENTRY--AUTHOR NAME
Personal name Devipandh Rath
245 ## - TITLE STATEMENT
Title Samajsamskarvidhom raghunansyavadanam/
Statement of responsibility, etc by Devipandh Rath
260 ## - PUBLICATION, DISTRIBUTION, ETC. (IMPRINT)
Place of publication Kolkatta:
Name of publisher Devipandh Rath,
Year of publication 2005.
300 ## - PHYSICAL DESCRIPTION
Number of Pages 256p.
650 ## - SUBJECT ADDED ENTRY--TOPICAL TERM
Topical Term Vedic Literature
650 ## - SUBJECT ADDED ENTRY--TOPICAL TERM
Topical Term Hinduism
650 ## - SUBJECT ADDED ENTRY--TOPICAL TERM
Topical Term Religion
942 ## - ADDED ENTRY ELEMENTS (KOHA)
Koha item type Book
Holdings
Withdrawn status Lost status Damaged status Not for loan Permanent Location Current Location Date acquired Cost, normal purchase price Full call number Accession Number Cost, replacement price Price effective from Koha item type
        Sree Sankaracharya University of Sanskrit Sree Sankaracharya University of Sanskrit 08.01.2015 76.00 S 294.592 1 DEV/S 056635 0.00 08.01.2015 Book